<?xml version="1.0" encoding="UTF-8"?>
<record
    xmlns:xsi="http://www.w3.org/2001/XMLSchema-instance"
    xsi:schemaLocation="http://www.loc.gov/MARC21/slim http://www.loc.gov/standards/marcxml/schema/MARC21slim.xsd"
    xmlns="http://www.loc.gov/MARC21/slim">

  <leader>01431nam a22003617i 4500</leader>
  <datafield tag="999" ind1=" " ind2=" ">
    <subfield code="c">23398</subfield>
    <subfield code="d">23398</subfield>
  </datafield>
  <controlfield tag="003">AR-CdUCM</controlfield>
  <controlfield tag="008">250908b20242024 pe||||| |||| 00| 0 spa d</controlfield>
  <datafield tag="020" ind1=" " ind2=" ">
    <subfield code="a">978-612-4392-68-9</subfield>
  </datafield>
  <datafield tag="040" ind1=" " ind2=" ">
    <subfield code="a">MUNICIPALIDAD PROVINCIAL DEL CUSCO</subfield>
    <subfield code="c">BIBLIOTECA MUNICIPAL DEL CUSCO</subfield>
  </datafield>
  <datafield tag="082" ind1=" " ind2=" ">
    <subfield code="a"> 461.4061 / T35 </subfield>
    <subfield code="b">T35 </subfield>
  </datafield>
  <datafield tag="100" ind1=" " ind2=" ">
    <subfield code="a">Tello Yarin, Eddy</subfield>
  </datafield>
  <datafield tag="245" ind1=" " ind2=" ">
    <subfield code="a">Estrategias de ortotipograf&#xED;a aplicadas a la redacci&#xF3;n administrativa /</subfield>
  </datafield>
  <datafield tag="260" ind1=" " ind2=" ">
    <subfield code="a">Cusco :</subfield>
    <subfield code="b">Universidad Andina del Cusco</subfield>
    <subfield code="c">2024</subfield>
  </datafield>
  <datafield tag="300" ind1=" " ind2=" ">
    <subfield code="a">189 p&#xE1;ginas. :</subfield>
    <subfield code="c">24x19 cm.</subfield>
  </datafield>
  <datafield tag="500" ind1=" " ind2=" ">
    <subfield code="z">P&#xE1;gina: 189</subfield>
  </datafield>
  <datafield tag="505" ind1=" " ind2=" ">
    <subfield code="a">Los signos de puntuaci&#xF3;n -- Acentuaci&#xF3;n y tildaci&#xF3;n diacr&#xED;tica -- La concordancia gramatical -- Los conectores -- Aspectos generales de la comunicaci&#xF3;n -- Clasificaci&#xF3;n de los documentos administrativos </subfield>
  </datafield>
  <datafield tag="650" ind1=" " ind2=" ">
    <subfield code="a">Los signos de puntuaci&#xF3;n</subfield>
    <subfield code="9">51530</subfield>
  </datafield>
  <datafield tag="650" ind1=" " ind2=" ">
    <subfield code="a">May&#xFA;sculas</subfield>
    <subfield code="9">51531</subfield>
  </datafield>
  <datafield tag="650" ind1=" " ind2=" ">
    <subfield code="a">Tildaci&#xF3;n did&#xE1;ctica</subfield>
    <subfield code="9">51532</subfield>
  </datafield>
  <datafield tag="650" ind1=" " ind2=" ">
    <subfield code="a">Los numerales</subfield>
    <subfield code="9">51533</subfield>
  </datafield>
  <datafield tag="650" ind1=" " ind2=" ">
    <subfield code="a">La concordancia</subfield>
    <subfield code="9">51534</subfield>
  </datafield>
  <datafield tag="650" ind1=" " ind2=" ">
    <subfield code="a">Los conectores</subfield>
    <subfield code="9">51535</subfield>
  </datafield>
  <datafield tag="650" ind1=" " ind2=" ">
    <subfield code="a">Documentos administrativos</subfield>
    <subfield code="9">51536</subfield>
  </datafield>
  <datafield tag="700" ind1=" " ind2=" ">
    <subfield code="a">Llerena Cervantes, Carla</subfield>
    <subfield code="9">51537</subfield>
  </datafield>
  <datafield tag="700" ind1=" " ind2=" ">
    <subfield code="a">Velasco Palacios, Mar&#xED;a Dolores</subfield>
    <subfield code="9">51538</subfield>
  </datafield>
  <datafield tag="700" ind1=" " ind2=" ">
    <subfield code="a">Carri&#xF3;n Salinas, Luz Ana</subfield>
    <subfield code="9">51539</subfield>
  </datafield>
  <datafield tag="700" ind1=" " ind2=" ">
    <subfield code="a">Valencia Ver&#xED;a, Marleni</subfield>
    <subfield code="9">51540</subfield>
  </datafield>
  <datafield tag="700" ind1=" " ind2=" ">
    <subfield code="a">Condori Caucha, Mery Luz</subfield>
    <subfield code="9">51541</subfield>
  </datafield>
  <datafield tag="856" ind1=" " ind2=" ">
    <subfield code="f">www.uandina.edu.pe</subfield>
  </datafield>
  <datafield tag="942" ind1=" " ind2=" ">
    <subfield code="2">ddc</subfield>
    <subfield code="c">LIBROS</subfield>
  </datafield>
  <datafield tag="945" ind1=" " ind2=" ">
    <subfield code="a">pbjr</subfield>
    <subfield code="d">8-09-2025</subfield>
  </datafield>
  <datafield tag="952" ind1=" " ind2=" ">
    <subfield code="0">0</subfield>
    <subfield code="2">ddc</subfield>
    <subfield code="4">0</subfield>
    <subfield code="7">0</subfield>
    <subfield code="a">HEM</subfield>
    <subfield code="b">SH</subfield>
    <subfield code="c">CART</subfield>
    <subfield code="d">2025-09-08</subfield>
    <subfield code="e">Donaci&#xF3;n</subfield>
    <subfield code="g">20.00</subfield>
    <subfield code="o">461.4061 / T35 </subfield>
    <subfield code="p">SH0000017010</subfield>
    <subfield code="r">2025-09-08</subfield>
    <subfield code="y">LIBROS</subfield>
  </datafield>
</record>
